A student's guide to textual criticism of the Bible : (Record no. 26486)
[ view plain ]
| 000 -LEADER | |
|---|---|
| fixed length control field | 00624nam a2200157 4500 |
| 008 - FIXED-LENGTH DATA ELEMENTS--GENERAL INFORMATION | |
| fixed length control field | 060428s2004 ilu b 001 0 eng |
| 020 ## - INTERNATIONAL STANDARD BOOK NUMBER | |
| International Standard Book Number | 0830827315 :USD8.50 :gift(ELT) |
| 090 ## - LOCALLY ASSIGNED LC-TYPE CALL NUMBER (OCLC); LOCAL CALL NUMBER (OCLC) | |
| Classification number (OCLC) (R) ; Classification number, CALL (RLIN) (NR) | BS471 |
| Local cutter number (OCLC) ; Book number/undivided call number, CALL (RLIN) | W42s |
| 100 1# - MAIN ENTRY--PERSONAL NAME | |
| Personal name | Wegner, Paul D. |
| 245 12 - TITLE STATEMENT | |
| Title | A student's guide to textual criticism of the Bible : |
| Remainder of title | its history, methods, and results / |
| Statement of responsibility, etc | Paul D. Wegner. |
| 260 ## - PUBLICATION, DISTRIBUTION, ETC. (IMPRINT) | |
| Place of publication, distribution, etc | Downers Grove, Ill. : |
| Name of publisher, distributor, etc | InterVarsity Press, |
| Date of publication, distribution, etc | 2004. |
| 300 ## - PHYSICAL DESCRIPTION | |
| Extent | 334 p. : |
| Other physical details | illus. |
| 504 ## - BIBLIOGRAPHY, ETC. NOTE | |
| Bibliography, etc | Includes bibliographical references and indexes. |
| 630 04 - SUBJECT ADDED ENTRY--UNIFORM TITLE | |
| Uniform title | Bible |
| General subdivision | Criticism, Textual. |
| 951 ## - EQUIVALENCE OR CROSS-REFERENCE-GEOGRAPHIC NAME/AREA NAME [OBSOLETE] [CAN/MARC only] | |
| General subdivision | 00032791 |
| 951 ## - EQUIVALENCE OR CROSS-REFERENCE-GEOGRAPHIC NAME/AREA NAME [OBSOLETE] [CAN/MARC only] | |
| -- | 29367 |
| -- | BS471/W42s |
| -- | 070613111551093 |
| -- | 2000-12-21 |
| -- | REF |
| Withdrawn status | Lost status | Damaged status | Not for loan | Home library | Current library | Shelving location | Date acquired | Accession number | Shelving control number | Total Checkouts | Full call number | Barcode | Date last seen | Price effective from | Koha item type |
|---|---|---|---|---|---|---|---|---|---|---|---|---|---|---|---|
| BSOP Library | BSOP Library | Reference | 12/21/2000 | 29367 | 127 | BS471/W42s | 00032791 | 02/23/2013 | 02/23/2013 | Books |
